| 000 | 00802nam a22002297a 4500 | ||
|---|---|---|---|
| 999 |
_c18679 _d18679 |
||
| 003 | AR-CdUCM | ||
| 008 | 190320b ||||| |||| 00| 0 spa d | ||
| 040 |
_aMUNICIPALIDAD PROVINCIAL DEL CUSCO _cBIBLIOTECA MUNICIPAL DEL CUSCO |
||
| 041 | _hrus | ||
| 082 |
_a530 / _bB81 |
||
| 100 |
_aBraunbek, Werner _920363 |
||
| 245 | _aFísica para todos / | ||
| 260 |
_aBarcelona : _bIbero Americanos, _c1960. |
||
| 300 |
_a395 páginas ; _bGráficos, _c25 cm. |
||
| 440 |
_aColección libros de hoy _915208 |
||
| 505 | _aContenido : Método cuantitativo de la física -- El punto material -- Movimientos y fuerzas -- Las constantes elásticas... | ||
| 650 |
_aMovimientos y fuerzas _939412 |
||
| 650 |
_aElasticidad _939413 |
||
| 650 |
_aOscilaciones y ondas _939414 |
||
| 942 |
_2ddc _cLIBROS |
||
| 945 | _arcc | ||